Sports Quiz

Random Sports or NHL Quiz
Score 0/24 Timer 04:00
1 Play Today
Question Answer Wrong Answers
Carson Wentz Eagles
90.6%
Phillies
2.9%
76ers
1%
Flyers
1.3%
Fletcher Cox Eagles
90.2%
Phillies
3%
76ers
1.3%
Flyers
1.5%
Claude Giroux Flyers
89.1%
Phillies
3.7%
Eagles
1.9%
76ers
1.1%
Ivan Provorov Flyers
86.7%
Phillies
4.3%
Eagles
1.8%
76ers
2.7%
Joel Embiid 76ers
86.5%
Phillies
3.8%
Eagles
2.7%
Flyers
2.7%
Brandon Graham Eagles
86.1%
Phillies
4.8%
76ers
2.6%
Flyers
2.1%
Alshon Jeffery Eagles
85.7%
Phillies
4.2%
76ers
3.7%
Flyers
1.9%
Ben Simmons 76ers
84.8%
Phillies
4.8%
Eagles
3.7%
Flyers
2.5%
J.J. Redick 76ers
83.8%
Phillies
6%
Eagles
4.4%
Flyers
1.5%
Jimmy Butler 76ers
83.5%
Phillies
5.3%
Eagles
4.1%
Flyers
2.9%
Odubel Herrera Phillies
83.1%
Eagles
3.5%
76ers
4.3%
Flyers
4.3%
Shayne Gostisbehere Flyers
82.9%
Phillies
6.2%
Eagles
3.4%
76ers
2.9%
Sean Couturier Flyers
82.2%
Phillies
7%
Eagles
3.8%
76ers
2.5%
Michal Neuvirth Flyers
79.9%
Phillies
8.4%
Eagles
4.1%
76ers
2.9%
Aaron Nola Phillies
79%
Eagles
6.4%
76ers
4.6%
Flyers
5.3%
Nelson Agholor Eagles
77.7%
Phillies
7.8%
76ers
4.8%
Flyers
5.2%
Boban Marjanović 76ers
76.5%
Phillies
5.2%
Eagles
7.5%
Flyers
6.5%
Maikel Franco Phillies
71.4%
Eagles
5.5%
76ers
4.5%
Flyers
14%
Rhys Hoskins Phillies
70.6%
Eagles
6.9%
76ers
3.7%
Flyers
14.2%
Oskar Lindblom Flyers
70.5%
Phillies
9%
Eagles
6.5%
76ers
9.4%
T. J. McConnell 76ers
64.5%
Phillies
10.8%
Eagles
13.6%
Flyers
6.8%
Ronald Darby Eagles
63.1%
Phillies
17%
76ers
6%
Flyers
9.3%
Nick Williams Phillies
54.5%
Eagles
17.5%
76ers
15.4%
Flyers
7.8%
Zach Eflin Phillies
52.1%
Eagles
21.2%
76ers
4.8%
Flyers
17.4%

You're not logged in!

Compare scores with friends on all Sporcle quizzes.
OR
Log In

Sporcle TV

Today on Sporcle TV


Watch our educational content, quiz creation guides, and fun videos on Sporcle TV.

Show Comments

Extras

Top Quizzes Today


Score Distribution

Paid Content

Your Account Isn't Verified!

In order to create a playlist on Sporcle, you need to verify the email address you used during registration. Go to your Sporcle Settings to finish the process.

Report this User

Report this user for behavior that violates our Community Guidelines.

Details: